|
|
|
|
| LEADER |
02002nam a22003017a 4500 |
| 001 |
42348 |
| 003 |
BD-DhAAL |
| 008 |
240303t2023 bg ||||| |||| 00| 0 ben d |
| 020 |
|
|
|a 9789849713555
|
| 040 |
|
|
|a BD-DhAAL
|c BD-DhAAL
|
| 082 |
|
|
|a 891.443
|2 23
|
| 100 |
|
|
|a হোসেন, মোঃ আনোয়ার.
|9 56079
|
| 245 |
|
|
|a একটি স্বপ্নের মৃত্যু /
|c মোঃ আনোয়ার হোসেন.
|
| 246 |
|
|
|a Ekti shopner mrittu
|
| 264 |
|
|
|a ঢাকা :
|b গ্রন্থরাজ্য,
|c ২০২৩.
|
| 300 |
|
|
|a ৯৬ পৃষ্ঠা ;
|c ২৩ সে.মি.
|
| 526 |
|
|
|a AAL
|
| 541 |
|
|
|a আনোয়ার'স বুক
|e 42348, 42349, 42350, 42351, 42352
|
| 650 |
|
|
|a Bengali fiction.
|
| 650 |
|
|
|a Bengali literature.
|
| 852 |
|
|
|a Ayesha Abed Library
|c General Stacks
|
| 942 |
|
|
|2 ddc
|c BK
|
| 999 |
|
|
|c 46435
|d 46435
|
| 952 |
|
|
|0 0
|1 0
|2 ddc
|4 0
|6 891_443000000000000_HOS
|7 0
|9 75206
|a BRACUL
|b BRACUL
|c GEN
|d 2024-03-03
|e আনোয়ার'স বুক
|g 250.00
|l 3
|m 11
|o 891.443 HOS
|p 3010042349
|r 2025-10-21
|s 2025-10-18
|t 2
|v 250.00
|w 2024-03-03
|y BK
|
| 952 |
|
|
|0 0
|1 0
|2 ddc
|4 0
|6 891_443000000000000_HOS
|7 0
|9 75207
|a BRACUL
|b BRACUL
|c GEN
|d 2024-03-03
|e আনোয়ার'স বুক
|g 250.00
|l 1
|o 891.443 HOS
|p 3010042351
|r 2025-03-23
|s 2025-03-16
|t 4
|v 250.00
|w 2024-03-03
|y BK
|
| 952 |
|
|
|0 0
|1 0
|2 ddc
|4 0
|6 891_443000000000000_HOS
|7 0
|9 75208
|a BRACUL
|b BRACUL
|c GEN
|d 2024-03-03
|e আনোয়ার'স বুক
|g 250.00
|l 3
|m 2
|o 891.443 HOS
|p 3010042352
|q 2026-06-02
|r 2026-05-21
|s 2026-05-21
|t 5
|v 250.00
|w 2024-03-03
|y BK
|
| 952 |
|
|
|0 0
|1 0
|2 ddc
|4 0
|6 891_443000000000000_HOS
|7 0
|9 75209
|a BRACUL
|b BRACUL
|c GEN
|d 2024-03-03
|e আনোয়ার'স বুক
|g 250.00
|l 3
|o 891.443 HOS
|p 3010042348
|r 2025-11-11
|s 2025-10-14
|t 1
|v 250.00
|w 2024-03-03
|y BK
|
| 952 |
|
|
|0 0
|1 0
|2 ddc
|4 0
|6 891_443000000000000_HOS
|7 0
|9 75210
|a BRACUL
|b BRACUL
|c GEN
|d 2024-03-03
|e আনোয়ার'স বুক
|g 250.00
|l 5
|m 2
|o 891.443 HOS
|p 3010042350
|r 2025-10-09
|s 2025-09-24
|t 3
|v 250.00
|w 2024-03-03
|y BK
|